A Text Book of Advanced Funtional English / (Record no. 8853)
[ view plain ]
| 000 -LEADER | |
|---|---|
| fixed length control field | 00624nam a2200229 a 4500 |
| 001 - CONTROL NUMBER | |
| JCCL Control Number | 8853 |
| 003 - CONTROL NUMBER IDENTIFIER | |
| JCCL marc code | BD-JhCC |
| 005 - DATE AND TIME OF LATEST TRANSACTION | |
| control field | 20180305093432.0 |
| 008 - FIXED-LENGTH DATA ELEMENTS--GENERAL INFORMATION | |
| fixed length control field | 180305s1973 bg |||| || | 000 0 eng d |
| 035 ## - SYSTEM CONTROL NUMBER | |
| system control number | (BD-JhCC)8853 |
| 040 ## - CATALOGING SOURCE | |
| Original cataloging agency | BD-JhCC |
| Modifying agency | BD-JhCC |
| 041 ## - LANGUAGE CODE | |
| Language code of Book | eng |
| 082 ## - DEWEY DECIMAL CLASSIFICATION NUMBER | |
| Classification number | 425 |
| Author mark and Year | MOH 1973 |
| 100 ## - MAIN ENTRY--PERSONAL NAME | |
| Personal name | Mohiuddin, A. H. M. |
| 245 ## - TITLE STATEMENT | |
| Title | A Text Book of Advanced Funtional English / |
| Statement of responsibility, etc | A. H. M. Mohiuddin and A. F. M. Abul Kasem |
| 260 ## - PUBLICATION, DISTRIBUTION, ETC. (IMPRINT) | |
| Place of publication, distribution, etc | Dacca : |
| Name of publisher, distributor, etc | Ideal Library, |
| Date of publication, distribution, etc | 1973 |
| 300 ## - PHYSICAL DESCRIPTION | |
| Pagination | 372 p. : |
| Dimensions | 22 cm. |
| 650 ## - SUBJECT ADDED ENTRY--TOPICAL TERM | |
| Topical term or geographic name as entry element | English Language |
| 700 ## - ADDED ENTRY--PERSONAL NAME | |
| Personal name | Kasem, A. F. M. Abul |
| 942 ## - ADDED ENTRY ELEMENTS (KOHA) | |
| Source of classification or shelving scheme | Dewey Decimal Classification |
| Koha item type | Books |
| Source of classification or shelving scheme | Damaged status | Not for loan | Home library | Current library | Shelving location | Date of accession | Cost, normal purchase price | Total Checkouts | Full call number | Barcode | Date last seen | Copy number | Koha item type |
|---|---|---|---|---|---|---|---|---|---|---|---|---|---|
| Dewey Decimal Classification | JCC Rouf Library | JCC Rouf Library | General Stacks | 03/05/2018 | 18.00 | 425 MOH 1973 | 11634 | 03/05/2018 | C - 1 | Books |